000 00294 a2200145 4500
001 75111
020 _a9788576710394
040 _cAnchieta - Colégio São Paulo
240 1 0 _aNomes
_lpor
245 1 0 _aNomes
300 _a12
362 0 _a2008
650 4 _aLiteratura infantil
942 _cBK
999 _c75111
_d75111